Statistics for Top 20 Capitals With The Highest Hdi

Click here to take the quiz!

General Stats

  • This quiz has been taken 19 times
  • The average score is 13 of 20

Answer Stats

HdiCapital% Correct
0,922London
89%
0,944Bern
83%
0,909Tokyo
83%
0,932Singapore
78%
0,936Berlin
72%
0,939Canberra
72%
0,929Copenhagen
72%
0,920Helsinki
72%
0,904Luxembourg
72%
0,953Oslo
72%
0,935Reykjavík
72%
0,933Stockholm
72%
0.908Vienna
72%
0,917Wellington
72%
0,931Amsterdam
67%
0,924Washington
67%
0,938Dublin
61%
0,916Vaduz
50%
0,916Brussles
0%
0,926Ottowa
0%

Score Distribution

Percentile by Number Answered

Percent of People with Each Score

Your Score History

You have not taken this quiz